000
00316nam a22001457a 4500
008
221020b ||||| |||| 00| 0 eng d
020
_a
0874894859
041
_a
eng
080
_a
61
082
_a
61 HAM
100
_a
6
101
_a
MJEK
245
_a
GERIATRIC MEDICINE ANNUAL 1989
_c
HAM J R
942
_2
udc
_c
BK
999
_c
58634
_d
58634